000 00296nam a22001337a 4500
008 170213b xxu||||| |||| 00| 0 eng d
020 _a9780815101574
041 _aeng
080 _a61
100 _a4
101 _ashm
245 _aESSENTIALS OF SPORTS MEDICINE
_cSALLIS, R.E
942 _2udc
_cBK
999 _c5327
_d5327